Manual de promoción de la salud. (Registro nro. 868)
[ vista simple ]
| 000 -LEADER | |
|---|---|
| fixed length control field | 01028nam a2200265 a 4500 |
| 008 - CAMPO DE CONTROL (LIBRO) | |
| fixed length control field | 110705s2010 ag il. f |||| 00| 0 spa d |
| 020 ## - INTERNATIONAL STANDARD BOOK NUMBER | |
| ISBN | 9789503801024 |
| 041 ## - CODIGO DE IDIOMA | |
| Código de idioma del texto/pista de sonido o título separado | spa |
| 092 ## - SIGNATURA TOPOGRAFICA DEWEY LOCAL | |
| número de clasificación | 614 |
| libristica | 51 |
| sección | MAN |
| 245 ## - TITULO PROPIAMENTE DICHO | |
| Título | Manual de promoción de la salud. |
| Subtítulo y Título paralelo | Experiencias provinciales / |
| Mención de responsabilidad y remanente de la transcripción de la portada | Daniela Mele |
| 250 ## - MENCION DE EDICION | |
| Mención de edición | 1a ed. |
| 260 ## - PIE DE IMPRENTA | |
| Lugar de publicación, distribución, etc | Buenos Aires: |
| Nombre de la editorial, distribuidor, etc | Ministerio de Salud de la Nación; |
| Fecha de publicación | 2010. |
| 300 ## - DESCRIPCION FISICA | |
| Extension | 156 p. |
| Dimensiones | 29x21 cm. |
| 500 ## - NOTA GENERAL | |
| Nota general | Mele, D. y Casullo, C. (2010). Manual de promoción de la salud. Experiencias provinciales. (1a ed.). Buenos Aires : Ministerio de Salud de la Nación. |
| 590 ## - NOTAS LOCALES (RLIN) | |
| Nota local | Donación Subsecretaría de Salud de la Provincia de Neuquén, Junio 2011 |
| 653 ## - TÉRMINO INDIZADO - PALABRAS CLAVES | |
| Palabra clave | Promoción de la salud |
| 653 ## - TÉRMINO INDIZADO - PALABRAS CLAVES | |
| Palabra clave | Alianzas estratégicas |
| 653 ## - TÉRMINO INDIZADO - PALABRAS CLAVES | |
| Palabra clave | Acciones de comunicación |
| 653 ## - TÉRMINO INDIZADO - PALABRAS CLAVES | |
| Palabra clave | Acciones educativas |
| 653 ## - TÉRMINO INDIZADO - PALABRAS CLAVES | |
| Palabra clave | Evaluación de las acciones de salud |
| 653 ## - TÉRMINO INDIZADO - PALABRAS CLAVES | |
| Palabra clave | Reorientación de los servicios de salud |
| 700 1# - ENTRADAS SECUNDARIAS - NOMBRE PERSONAL | |
| Nombre personal | Casullo, Carolina |
| 9 (RLIN) | 101 |
| 700 1# - ENTRADAS SECUNDARIAS - NOMBRE PERSONAL | |
| Nombre personal | Mele, Daniela |
| 9 (RLIN) | 767 |
| 942 ## - ADDED ENTRY ELEMENTS (KOHA) | |
| Source of classification or shelving scheme | Dewey Decimal Classification |
| Item type | Libros |
| Estado de retiro | Existencia | Fuente de clasificación | Estado general | No para prestamo | Colección | Ubicación permanente | ubicación actual | Sala de ubicación | Fecha de adquisición | Total Checkouts | Número de clasificación | Código de barras | Date last seen | Número de ejemplar | Price effective from | Koha tipo de elemento (item) | Public note | Total Renewals | Date last borrowed |
|---|---|---|---|---|---|---|---|---|---|---|---|---|---|---|---|---|---|---|---|
| Dewey Decimal Classification | Reference | Biblioteca Medicina | Biblioteca Medicina | Referencia | 05/07/2011 | 614 51 MAN | 2340 | 06/11/2014 | ej.1 | 05/07/2011 | Reference | LIBRO DE CONSULTA | |||||||
| Dewey Decimal Classification | Biblioteca Medicina | Biblioteca Medicina | Circulación | 05/07/2011 | 1 | 614 51 MAN | 2341 | 06/11/2014 | ej.2 | 05/07/2011 | Libros | 4 | 22/11/2013 | ||||||
| Dewey Decimal Classification | Biblioteca Medicina | Biblioteca Medicina | Circulación | 05/07/2011 | 614 51 MAN | 2342 | 06/11/2014 | ej.3 | 05/07/2011 | Libros |